Principles of CMOS VLSI design: A systems perspective

Wedi'i Gadw mewn:
Manylion Llyfryddiaeth
Prif Awdur: Neil H. E. Weste
Fformat: Llyfr
Iaith:Undetermined
Cyhoeddwyd: Reading, MA Addison Wesley Longman 1993
Pynciau:
Tagiau: Ychwanegu Tag
Dim Tagiau, Byddwch y cyntaf i dagio'r cofnod hwn!
Thư viện lưu trữ: Trung tâm Học liệu Trường Đại học Cần Thơ
LEADER 00624nam a2200181Ia 4500
001 CTU_56327
008 210402s9999 xx 000 0 und d
082 |a 621.3'95 
082 |b W525 
100 |a Neil H. E. Weste 
245 0 |a Principles of CMOS VLSI design: A systems perspective 
245 0 |c Neil H. E. Weste and Kamran Eshraghian 
260 |a Reading, MA 
260 |b Addison Wesley Longman 
260 |c 1993 
650 |a intergrated circuits,metal oxide semiconductors, complementary 
650 |x very large scale integration,design and construction 
980 |a Trung tâm Học liệu Trường Đại học Cần Thơ